| 000 | 00897cam a2200265 a 4500 | ||
|---|---|---|---|
| 001 | 2608 | ||
| 005 | 20240108092428.0 | ||
| 020 | _a9780590454223 | ||
| 040 |
_aPStdE _cPStdE _dDLC _beng |
||
| 050 | 0 | 0 | _aE468.M78 |
| 082 | 0 | 0 | _a973.7 |
| 100 | 1 |
_aMoore, Kay _d1950- |
|
| 245 | 1 | 0 |
_aIf you lived at the time of the Civil War / _cby Kay Moore ; illustrated by Anni Matsick |
| 250 | _aThis edition first printing , September 2006 | ||
| 260 |
_aNew York : _bScholastic, _c1994 |
||
| 300 |
_a64 pages : _bcolor illustrations, map ; _c20 cm . |
||
| 505 | _aX | ||
| 520 | _aDescribes conditions for the civilians in both North and South during and immediately after the war. | ||
| 521 |
_a900
_bLexile |
||
| 521 |
_aX
_bRaz-Plus |
||
| 650 | 1 | _aQuestions and answers. | |
| 700 | 1 |
_aMatsick, Anni _eillustrator |
|
| 906 |
_a7 _bcbc _ccopycat _d2 _encip _f19 _gy-gencatlg |
||
| 942 |
_2ddc _cBK _n0 |
||
| 999 |
_c2608 _d2608 |
||